000
00291nam a22001337a 4500
008
171218b xxu||||| |||| 00| 0 eng d
020
_a
9780683306378
041
_a
eng
080
_2
4TH
_a
616-053.2
100
_a
8
101
_a
PED
245
_a
PEDIATRICS
_c
DWORKIN,P,H
942
_2
udc
_c
BK
999
_c
39059
_d
39059